| 000 | 00657nam a22002057a 4500 | ||
|---|---|---|---|
| 999 |
_c18664 _d18664 |
||
| 003 | AR-CdUCM | ||
| 008 | 190514b ||||| |||| 00| 0 spa d | ||
| 040 |
_aMUNICIPALIDAD PROVINCIAL DEL CUSCO _cBIBLIOTECA MUNICIPAL DEL CUSCO |
||
| 082 |
_a745.019 / _bG25 |
||
| 100 |
_aGarm, Angel _939391 |
||
| 245 | _aPsicoanalisis del arte ornamental / | ||
| 260 |
_aBuenos Aires : _bPaidos, _c1961. |
||
| 300 |
_a117 paginas ; _bIlustraciones, graficos, dibujos, _c21 cm. |
||
| 500 | _aOrnamentalismo | ||
| 505 | _aContenido: Ornamentalismo y artes | ||
| 650 |
_aOrnamentalismo _939392 |
||
| 650 |
_aArte _9561 |
||
| 942 |
_2ddc _cLIBROS |
||
| 945 |
_apjha _d2019-05-14 |
||